Planning and growth in rich and poor countries

Đã lưu trong:
Chi tiết về thư mục
Những tác giả chính: Birmingham, Walter (Tác giả), Ford, A. G (Tác giả)
Định dạng: Sách
Ngôn ngữ:Tiếng Anh
Được phát hành: Londres George Allen & Unwin 1966
Loạt:Minerva Series of Students' Handbooks, 16
Những chủ đề:
Các nhãn: Thêm thẻ
Không có thẻ, Là người đầu tiên thẻ bản ghi này!

MARC

LEADER 00000nam a2200000 a 4500
001 UCR9697
003 CL-VaPUC
008 980613e19660000UK |||||||||||||||||eng|d
082 0 4 |a 338.9  |b BIR  |2 21 
100 0 |a Birmingham, Walter  |e author  |9 412484 
700 0 |a Ford, A. G  |e author  |9 412485 
245 1 0 |a Planning and growth in rich and poor countries 
300 |a 267 p 
942 |c BK 
945 |d 19980613 00:00:00  |a crobeson 
260 |a Londres  |b George Allen & Unwin  |c 1966 
650 7 |a PLANIFICACION ECONOMICA  |2 CL-VaPUC  |9 321496 
650 0 |a Planificación del desarrollo  |9 326796 
650 0 |a Crecimiento económico   |9 314037 
650 7 |a ECONOMIA INDUSTRIAL  |2 CL-VaPUC  |9 315314 
650 0 |a Desarrollo económico y social   |9 256320 
651 7 |a REINO UNIDO  |2 CL-VaPUC  |9 388523 
651 0 |a India  |9 267804 
651 7 |a GHANA  |2 CL-VaPUC  |9 316855 
651 7 |a SIERRA LEONA  |2 CL-VaPUC  |9 404283 
651 7 |a NUEVAZELANDIA  |2 CL-VaPUC  |9 412486 
583 |a last modification  |c 19980613 00:00:00  |k Rodrigo Vera 
490 0 |a Minerva Series of Students' Handbooks, 16 
999 |c 270876  |d 270874